Musique - Qui chante cette chanson ? - Statistiques

Statistiques générales
  • Ce quiz a été pris 6 988 fois
  • Le résultat moyen est 9 sur 35
Statistiques - réponses
Hint Réponse % Correct
La vie en rose Édith Piaf
94%
J'ai demandé à la lune Indochine
58%
Le paradis blanc Michel Berger
43%
L'été indien Joe Dassin
42%
New York avec toi Téléphone
40%
Jeune demoiselle Diam's
38%
Armstrong Claude Nougaro
36%
Rockollection Laurent Voulzy
32%
J'ai dix ans Alain Souchon
31%
Magnolia for Ever Claude François
31%
Tournent les violons Jean-Jacques Goldman
29%
La javanaise Serge Gainsbourg
29%
Les murs porteurs Florent Pagny
28%
La dernière séance Eddy Mitchell
27%
Il venait d'avoir 18 ans Dalida
25%
Vole Céline Dion
24%
Le chasseur Michel Delpech
24%
Pomme C Calogero
23%
Mon amant de Saint-Jean Patrick Bruel
22%
Le France Michel Sardou
21%
Le parking des anges Marc Lavoine
19%
Lettre à France Michel Polnareff
18%
L'instant X Mylène Farmer
18%
Souvenirs souvenirs Johnny Hallyday
17%
Hong Kong star France Gall
15%
Il est 5 heures Jacques Dutronc
15%
Sur un prélude de Bach Maurane
15%
La vie ne m'apprend rien Daniel Balavoine
14%
Les murs de poussière Francis Cabrel
14%
L'important c'est d'aimer Pascal Obispo
14%
Vancouver Véronique Sanson
13%
Le droit à l'erreur Amel Bent
12%
Humana Lara Fabian
10%
Message personnel Françoise Hardy
9%
Les marionnettes Christophe
7%
Aucun quiz correspondant
Distribution des résultats
% des personnes avec chaque résultat
Percentile par nombre de réponses
Votre historique - résultats
Vous n’avez pas pris ce quiz